| 000 | 00393nam a2200121Ia 4500 | ||
|---|---|---|---|
| 008 | 220204s9999 xx 000 0 und d | ||
| 082 |
_a577.175.1 _bLET.2 |
||
| 245 | 0 | _aPhytohormones and related compounds a comprehensive treatise V 2. Phytohormones and the development of higher plants | |
| 260 |
_aAmsterdam _bElsevier _c1978 |
||
| 650 | _aPhytohormones | ||
| 700 | _aLetham, D S | ||
| 942 | _cBK | ||
| 999 |
_c35431 _d35431 |
||